Marketing v pojišťovnictví
Salvato in:
| Autore principale: | |
|---|---|
| Natura: | Libro |
| Lingua: | ceco |
| Pubblicazione: |
Praha
Linde Praha, a.s.
1998
|
| Serie: | Praktické příručky
daně, účetnictví, ekonomie |
| Soggetti: | |
| Tags: |
Nessun Tag, puoi essere il primo ad aggiungerne!!
|
MARC
| LEADER | 00000nam a2200000 4500 | ||
|---|---|---|---|
| 001 | c104264 | ||
| 005 | 20221109093935.1 | ||
| 020 | |a 80-7201-137-5 | ||
| 041 | 0 | |a cze | |
| 044 | |a CZ | ||
| 245 | 1 | 0 | |a Marketing v pojišťovnictví |c Aleš Zuzaňák |
| 264 | 1 | |a Praha |b Linde Praha, a.s. |c 1998 | |
| 300 | |a 79 s. | ||
| 490 | 1 | |a Praktické příručky |v daně, účetnictví, ekonomie | |
| 830 | 0 | |a Praktické příručky |v daně, účetnictví, ekonomie | |
| 610 | 2 | 0 | |a marketing |
| 610 | 2 | 0 | |a poisťovníctvo |
| 610 | 2 | 0 | |a systémy riadenia |
| 610 | 2 | 0 | |a stratégia marketingová |
| 610 | 2 | 0 | |a výskum ekonomický |
| 610 | 2 | 0 | |a marketing mix |
| 610 | 2 | 0 | |a produkty |
| 610 | 2 | 0 | |a poistenie |
| 610 | 2 | 0 | |a ceny |
| 610 | 2 | 0 | |a propagácia |
| 610 | 2 | 0 | |a prostredie ekonomické |
| 610 | 2 | 0 | |a služby |
| 100 | 1 | |a Zuzaňák, Aleš | |